|
|
|
|
| LEADER |
01196nam a22002892a 4500 |
| 001 |
000048440 |
| 003 |
CZ BrMZK |
| 005 |
20130923142236.0 |
| 007 |
ta |
| 008 |
951201s1968 xr a f cze d |
| 015 |
|
|
|a cnb000423938
|
| 035 |
|
|
|a (OCoLC)42185591
|
| 040 |
|
|
|a BOA001
|b cze
|
| 100 |
1 |
|
|a Elstner, František Alexander,
|d 1902-1974
|7 jk01030440
|4 aut
|
| 245 |
1 |
0 |
|a Uzly a laso :
|b kniha o slavném umění námořníků, zálesáků, kovbojů a gaučů z pamp pro milovníky života pod modrou oblohou /
|c František Alexander Elstner ; ilustroval Jan Fiala a Láďa Pelc
|
| 250 |
|
|
|a 1. vyd.
|
| 260 |
|
|
|a Ostrava :
|b Profil,
|c 1968
|
| 300 |
|
|
|a 131 s. :
|b il.
|
| 700 |
1 |
|
|a Fiala, Jan,
|d 1952-
|7 jn19981001065
|4 aut
|
| 910 |
|
|
|a BOA001
|b PK-0052.612
|b 2-0614.719
|
| 920 |
|
|
|a 000231759
|
| 964 |
|
|
|a Uzly - vázání - příručky
|
| 964 |
|
|
|a Laso - užití - příručky
|
| 990 |
|
|
|a BK
|
| 996 |
6 |
|
|b 2619894928
|c 2-0614.719
|l HP2
|r DEN
|n 6
|w 000048440
|u 000030
|a 1
|e BOA001
|j MZK50
|s P
|
| 996 |
7 |
|
|b 3119803825
|c PK-0052.612
|l MZK
|r Sklad / do 1 hodiny
|n 1
|w 000048440
|u 000020
|a 1
|e BOA001
|j MZK50
|s A
|
| 996 |
7 |
|
|b 3119981158
|c PK-0052.612
|l MZK
|r Sklad / do 1 hodiny
|n 3
|w 000048440
|u 000010
|a 1
|e BOA001
|j MZK50
|s A
|